Statistics for Largest European Cities by Letter - H

Click here to take the quiz!

General Stats

  • This quiz has been taken 112 times
    (77 since last reset)
  • The average score is 3 of 8

Answer Stats

Rank Population Country Hint City % Correct
11'705'000GermanyBig port on the river ElbeHamburg
100%
2549'000FinlandCapitalHelsinki
100%
3515'000GermanyQueen Victoria was the last monarch of this houseHannover
90%
4254'000GermanyMarktkirche Unser Lieben FrauenHalle
23%
5205'000GermanyLargest university of GermanyHagen
12%
6182'000GermanyImportant hub for rail transportHamm
10%
7175'000GermanyCranger KirmesHerne
8%
8153'000United KingdomHistoric county of EnglandHuntingdonshire
0%

Score Distribution

Percentile by Number Answered

Percent of People with Each Score

Your Score History

You have not taken this quiz since the last reset